000 00528nam a22002051a 4500
001 7422
003 OSt
005 20260204212130.0
008 071117s1994||||sp ||||||b||||||||||spa||
020 _a8471123703
050 _a370 F841e
245 _aFaucault y la educación: disciplinas y saber / Stephen J. Ball (Compilador)
250 _a2
264 _aEspaña : Morata
300 _a223 p
500 _aIncluye indice y bibliografía
650 _aEducación
700 _aBall Stephen, J. II. TilÌ
942 _2ddc
_cBK
999 _c7422
_d7422